|
|
|
|
| LEADER |
006910000a22002050004500 |
| 020 |
|
|
|a 978-0-19-923767-8
|
| 082 |
|
|
|a 947.084 1 P8
|
| 100 |
|
|
|a Fitzpatrick, Sheila; Author
|
| 245 |
|
|
|a The Russian revolution
|
| 250 |
|
|
|a 3rd ed
|
| 260 |
|
|
|a New York, Oxford University Press
|e 2008
|
| 260 |
|
|
|c 2008
|
| 460 |
|
|
|a viii,224p
|
| 465 |
|
|
|a GBP9.99
|
| 500 |
|
|
|a Includes bibliographical references and index
|
| 500 |
|
|
|a Sheila Fitzpatrick
|
| 650 |
|
|
|a Soviet Union-History-Revolution, 1917-1921
|
| 942 |
|
|
|c BK
|
| 999 |
|
|
|c 40085
|d 40085
|
| 952 |
|
|
|0 0
|1 0
|4 0
|6 947_084000000000000_1_P8
|7 0
|8 ENG
|9 40632
|a MGUL
|b MGUL
|d 2013-07-16
|e GBP9.99
|l 3
|m 2
|o 947.084 1 P8
|p 38903
|r 2019-11-02
|s 2019-10-05
|w 2013-07-16
|y BK
|